000 01209cab a2200253 4500
001 ABS54927
008 090401t1996 xxu||||| |||| 00| 0 eng d
035 _a(Sirsi) u13156
041 _aeng
245 _aKlein v London Underground Ltd
260 _c1996
350 _a0
490 _aRating & Valuation Reporter
_v[1996] 36 RVR 94-104(11)
520 _aLT 4 December 1995. In 1981 the claimant took a 12 year lease dated from October 1990 on Arch 265 near Waterloo station and established a gentleman`s hairdressing salon. In 1990 British Rail offered a new lease but the offer was not taken up by the claimant. In 1991 a planning application submitted for the JLE and redevelopment of the subject property was approved. At debated was the amount of compensation payable for the leasehold interest, stock and goodwill of the appellant`s business.
650 _aCompulsory purchase
_96228
650 _aGOODWILL
650 _aHAIRDRESSERS
650 _aHOLDING OVER
650 _aKLEIN V LONDON UNDERGROUND LTD
650 _aLEASEHOLD INTEREST
690 _aENVIRONMENTAL AND LAND CONSULTANCY-PLANNING AND DEVELOPMENT-COMPULSORY PURCHASE AND COMPENSATION
942 _n0
948 _c04/03/1997
999 _c8464
_d8464